Ông bà cha mẹ trong gia đình

Uloženo v:
Podrobná bibliografie
Hlavní autor: PHẠM KHẮC CHƯƠNG
Médium: Kniha
Jazyk:Undetermined
Vydáno: Hà Nội Thanh Niên 2000
Témata:
Tagy: Přidat tag
Žádné tagy, Buďte první, kdo otaguje tento záznam!
Thư viện lưu trữ: Trung tâm Học liệu Trường Đại học Cần Thơ
LEADER 00526nam a2200169Ia 4500
001 CTU_47358
008 210402s9999 xx 000 0 und d
082 |a 613.0438 
082 |b Ch561 
100 |a PHẠM KHẮC CHƯƠNG 
245 0 |a Ông bà cha mẹ trong gia đình 
245 0 |c PHẠM KHẮC CHƯƠNG, Huỳnh Phước 
260 |a Hà Nội 
260 |b Thanh Niên 
260 |c 2000 
650 |a aged - care and hygiene,home education 
980 |a Trung tâm Học liệu Trường Đại học Cần Thơ